00896cam a2200157 i 4500040000800000082002600008245013900034260024200173300002000415500012100435650002800556650001600584650001700600710006000617710006100677 cDLC00a381 SOL 1977 A069 Or.10aCritical issues on food marketing systems in developing countries :breport of the OECD/FAO joint seminar, Paris, 18-22 October, 1976. aParis :bDevelopment Centre of the Organisation for Economic Co-operation and Development in co-operation with the Food and Agriculture Organisation of the United Nations ;a[Washington, D. C. :bsold by OECD Publications Center],c1977. a97 p. ;c24 cm. a"Reports on agricultural marketing meetings issued since 1959 by the Marketing and Credit Service of FAO": p. 95-97. 0aFood industry and trade 0aFood supply 0aFarm produce2 aOrganisation for Economic Co-operation and Development.2 aFood and Agriculture Organization of the United Nations.